Principles of engineering economic analysis (Record no. 43431)

MARC details
000 -LEADER
fixed length control field 00733nam a2200241Ia 4500
008 - FIXED-LENGTH DATA ELEMENTS--GENERAL INFORMATION
fixed length control field 191130s2010##################000#0#eng##
020 ## - INTERNATIONAL STANDARD BOOK NUMBER
International Standard Book Number 9780470113967
022 ## - INTERNATIONAL STANDARD SERIAL NUMBER
International Standard Serial Number 2008020136
040 ## - CATALOGING SOURCE
Original cataloging agency ACL
Transcribing agency ACL
082 ## - DEWEY DECIMAL CLASSIFICATION NUMBER
Classification number 658.155 WHI
100 ## - MAIN ENTRY--PERSONAL NAME
Personal name White, John A
245 ## - TITLE STATEMENT
Title Principles of engineering economic analysis
Statement of responsibility, etc. John A. White, Kenneth E. Case, David B. Pratt
250 ## - EDITION STATEMENT
Edition statement 5th ed
260 ## - PUBLICATION, DISTRIBUTION, ETC.
Place of publication, distribution, etc. Hoboken, NJ
Name of publisher, distributor, etc. Wiley
Date of publication, distribution, etc. 2010
300 ## - PHYSICAL DESCRIPTION
Extent xviii, 908 p. : ill. (some col.) ; 27 cm
500 ## - GENERAL NOTE
General note Includes bibliographical references and index
650 ## - SUBJECT ADDED ENTRY--TOPICAL TERM
Topical term or geographic name entry element Engineering economy
700 ## - ADDED ENTRY--PERSONAL NAME
Personal name Case, Kenneth E
Personal name Pratt, David B
990 ## - EQUIVALENCES OR CROSS-REFERENCES [LOCAL, CANADA]
Link information for 9XX fields 7c2a5a38ac10000c0f97d63b733623dc
991 ## -
-- 192223
Holdings
Withdrawn status Lost status Materials specified (bound volume or other part) Damaged status Not for loan Home library Current library Shelving location Date acquired Total Checkouts Full call number Barcode Date last seen Price effective from Koha item type
    hbk     Anna Centenary Library Anna Centenary Library 6TH FLOOR, A WING 09.10.2020   658.155 WHI 129177 09.02.2026 09.10.2020 English Books

Find us on the map